00693nam a2200241 a 4500001001300000003000900013005001700022008004100039020001000080082001600090100002100106245005600127260003200183300000900215500003500224505001000259650001500269700002100284902000800305942000700313952011600320999001500436nice12345678IN_TiNIC20260116012201.0050524s1951 teha grp 000 0 urd  ac10000a297.86bATA aAtaullah, Sheikh aMard-E-Mominb Life of an Ahmadi Shaikh Mula Bakhsh aTehranbNo Publisher c1951 a148p aincludes index and biblioraphy2 aIndex aAhmadiyyah1 aAtaullah, Sheikh bSRS cBK 001040708StackRoom-aHMIbHMId2007-07-02g100.00l0o297.86 ATAp06509r2007-07-02v100.00w2005-05-24yBK c5979d5979